Government and Politics in Tanzania: A Collection of Essays Covering the Period from September 1960 to July 1966. (Record no. 339)

MARC details
005 - DATE AND TIME OF LATEST TRANSACTION
control field 20250621075845.0
082 ## - DEWEY DECIMAL CLASSIFICATION NUMBER
Classification number 320.967 TOR
100 ## - MAIN ENTRY--PERSONAL NAME
Author name TORDOFF, W.
245 ## - TITLE STATEMENT
Title Government and Politics in Tanzania: A Collection of Essays Covering the Period from September 1960 to July 1966.
260 ## - PUBLICATION, DISTRIBUTION, ETC.
Place of publication, distribution, etc. Nairobi,
Name of publisher, distributor, etc. East African Publishing House,
Date of publication, distribution, etc. 1967.
300 ## - PHYSICAL DESCRIPTION
Extent xiii, 257p.: map
Other physical details Index
Dimensions 21cm
942 ## - ADDED ENTRY ELEMENTS (KOHA)
Source of classification or shelving scheme Dewey Decimal Classification
Koha item type Books
Holdings
Date last seen Total checkouts Full call number Barcode Cost, replacement price Price effective from Koha item type Lost status Source of classification or shelving scheme Damaged status Not for loan Withdrawn status Home library Current library Shelving location Date acquired Cost, normal purchase price
03/11/2025   320.967 TOR 0000001160 60000.00 03/11/2025 Books   Dewey Decimal Classification       College of Business Education Main Library College of Business Education Main Library General Collection 03/11/2025 20000.00